000 00603nam a2200229Ia 4500
003 OSt
005 20221007071149.0
006 a|||||r|||| 00| 0
007 ta
008 221006b |||||||| |||| 00| 0 eng d
024 _a19,496
037 _cTextual
040 _aFLL
_cFLL
_beng
041 _2eng
_aeng
082 _aZ1z7, L7
100 _aTammes A.J.P.
_9688250
245 0 _aEssays on international law and relations
260 _aLeyden
_bSijthoff Netherland
_c1977
300 _a371p
_ccm.
942 _hZ1z7, L7
_cTEXL
_2CC
999 _c1142606
_d1142606